[Event "II. CLANSKA LIGA ZAHOD 2012"]
[Site " Ljubljana"]
[Date "2012.10.20"]
[Round "2.2"]
[White "Juranic, Bruno"]
[Black "Buha, Drago"]
[Result "0-1"]
[WhiteElo "2189"]
[BlackElo "2011"]
[PlyCount "64"]
[EventDate "2012.10.20"]
[WhiteTeam "MATRIKA ZVO - STARI TRG PRI KOLPI"]
[BlackTeam "SD SIMP RADOVLJICA"]

1. e4 d5 2. exd5 Qxd5 3. d4 Nc6 4. Be3 e6 5. Nc3 Bb4 6. a3 Bxc3+ 7. bxc3 Na5 8.
Qd3 Nf6 9. Be2 O-O 10. Nf3 a6 11. c4 Qe4 12. Qc3 Nc6 13. Bd3 Qg4 14. h3 Qxg2
15. Ke2 Nh5 16. Rhg1 Ng3+ 17. Kd2 Qxf3 18. Rxg3 Qf6 19. f3 g6 20. Rag1 e5 21.
d5 Nd4 22. f4 c5 23. dxc6 Nxc6 24. Be4 Qd6+ 25. Kc1 exf4 26. Rd1 Qc7 27. Bc5
Re8 28. Bd6 Qa5 29. Bxc6 Qxc3 30. Rxc3 bxc6 31. Bxf4 Bf5 32. Rd6 Re6 0-1

[Event "II. CLANSKA LIGA ZAHOD 2012"]
[Site " Ljubljana"]
[Date "2012.10.20"]
[Round "2.3"]
[White "Kocevar, Tugomir"]
[Black "Kobe, Uros"]
[Result "0-1"]
[WhiteElo "1986"]
[BlackElo "2192"]
[PlyCount "88"]
[EventDate "2012.10.20"]
[WhiteTeam "SD SIMP RADOVLJICA"]
[BlackTeam "MATRIKA ZVO - STARI TRG PRI KOLPI"]

1. e4 e6 2. Nc3 d5 3. Nf3 d4 4. Ne2 Nf6 5. Ng3 c5 6. Bb5+ Bd7 7. Bxd7+ Nbxd7 8.
d3 Bd6 9. Qe2 Qc7 10. b3 h6 11. a4 g5 12. O-O O-O-O 13. Bb2 g4 14. Nd2 h5 15.
Rfc1 h4 16. Ngf1 Nh5 17. Nc4 Bf4 18. Re1 Rdg8 19. c3 Bxh2+ 20. Nxh2 Nf4 21. Qc2
g3 22. fxg3 Rxg3 23. Nf1 Rxg2+ 24. Qxg2 Nxg2 25. Kxg2 Qf4 26. Nh2 Qg3+ 27. Kh1
h3 28. Rg1 Qxd3 29. Nd6+ Kc7 30. cxd4 Kxd6 31. dxc5+ Kc7 32. Bxh8 Qxe4+ 33. Nf3
Qxf3+ 34. Kh2 Qe2+ 35. Kh1 Nxc5 36. Rac1 Kd6 37. Bg7 Nd3 38. Bf8+ Kd5 39. Rcd1
Ke4 40. Bc5 f5 41. Bxa7 f4 42. a5 h2 43. Rgf1 f3 44. b4 Qg2# 0-1

[Event "II. CLANSKA LIGA ZAHOD 2012"]
[Site " Ljubljana"]
[Date "2012.10.20"]
[Round "2.4"]
[White "Baric, Dusan"]
[Black "Krivec, Metod"]
[Result "1-0"]
[WhiteElo "2051"]
[BlackElo "1825"]
[PlyCount "81"]
[EventDate "2012.10.20"]
[WhiteTeam "MATRIKA ZVO - STARI TRG PRI KOLPI"]
[BlackTeam "SD SIMP RADOVLJICA"]

1. e4 e6 2. d4 d5 3. Nd2 c5 4. exd5 exd5 5. Bb5+ Nc6 6. dxc5 Bxc5 7. Qe2+ Qe7
8. Nb3 Bb6 9. Bg5 Qxe2+ 10. Nxe2 Nge7 11. O-O O-O 12. Rfe1 f6 13. Bf4 Rd8 14.
Rad1 Be6 15. Nc3 Bf7 16. Na4 Ng6 17. Bg3 Nce5 18. Nxb6 axb6 19. Nc1 Rac8 20. c3
Nc6 21. Nb3 Nge5 22. Nd4 Nd7 23. Bxc6 bxc6 24. Nf5 Kh8 25. Nd6 Kg8 26. Nxc8
Rxc8 27. Re7 Nc5 28. Rc7 Rxc7 29. Bxc7 b5 30. f3 Be8 31. Kf2 Kf7 32. Bd6 Ne6
33. Re1 h5 34. b3 g6 35. a4 c5 36. a5 Bc6 37. a6 f5 38. a7 d4 39. cxd4 cxd4 40.
Rc1 Bb7 41. Rc8 1-0

[Event "II. CLANSKA LIGA ZAHOD 2012"]
[Site " Ljubljana"]
[Date "2012.10.20"]
[Round "2.5"]
[White "Torkar, Boris"]
[Black "Bedic, Slavko"]
[Result "1/2-1/2"]
[WhiteElo "1849"]
[BlackElo "2000"]
[PlyCount "64"]
[EventDate "2012.10.20"]
[WhiteTeam "SD SIMP RADOVLJICA"]
[BlackTeam "MATRIKA ZVO - STARI TRG PRI KOLPI"]

1. d4 d5 2. c4 Nf6 3. Nc3 e6 4. Bg5 Be7 5. e3 a6 6. Nf3 dxc4 7. Bxc4 b5 8. Be2
Bb7 9. O-O Nbd7 10. Rc1 Rc8 11. a3 c5 12. dxc5 Rxc5 13. Bf4 O-O 14. Qb3 Qa8 15.
Rfd1 Rfc8 16. Bd6 Bxd6 17. Rxd6 h6 18. Rcd1 Ne5 19. Ne1 Nd5 20. Nxd5 Bxd5 21.
Qb4 a5 22. Rd8+ Kh7 23. Rxc8 Rxc8 24. Qf4 Qb8 25. Nd3 Bb3 26. Rc1 f6 27. Rxc8
Qxc8 28. Qe4+ Kg8 29. Nxe5 Qc1+ 30. Bf1 fxe5 31. Qa8+ Kh7 32. Qe4+ Kg8 1/2-1/2

[Event "II. CLANSKA LIGA ZAHOD 2012"]
[Site " Ljubljana"]
[Date "2012.10.20"]
[Round "2.6"]
[White "Turkovic, Igor"]
[Black "Pretnar, Bostjan"]
[Result "0-1"]
[WhiteElo "1901"]
[BlackElo "1677"]
[PlyCount "68"]
[EventDate "2012.10.20"]
[WhiteTeam "MATRIKA ZVO - STARI TRG PRI KOLPI"]
[BlackTeam "SD SIMP RADOVLJICA"]

1. d4 Nf6 2. c4 e5 3. d5 g6 4. Nc3 Bg7 5. e4 d6 6. Nf3 O-O 7. Be2 Nbd7 8. Bg5
a5 9. O-O Nc5 10. Nd2 h6 11. Bh4 g5 12. Bg3 Ncxe4 13. Ndxe4 Nxe4 14. Nxe4 f5
15. Nd2 f4 16. Bd3 Bf5 17. Be4 Qd7 18. f3 fxg3 19. hxg3 b6 20. Qc2 Rf6 21. a3
Raf8 22. g4 Bxe4 23. Nxe4 Rf4 24. Rad1 Qf7 25. b4 axb4 26. axb4 Qg6 27. c5 bxc5
28. bxc5 h5 29. gxh5 Qxh5 30. cxd6 cxd6 31. Qc7 g4 32. Qxd6 gxf3 33. Qe6+ Kh8
34. Ng3 f2+ 0-1

[Event "II. CLANSKA LIGA ZAHOD 2012"]
[Site " Ljubljana"]
[Date "2012.10.20"]
[Round "3.1"]
[White "Plenca, Julijan"]
[Black "Biti, Ozren"]
[Result "1/2-1/2"]
[WhiteElo "2327"]
[BlackElo "2380"]
[PlyCount "108"]
[EventDate "2012.10.20"]
[WhiteTeam "MATRIKA ZVO - ŠD STARI TRG OB KOLPI"]
[BlackTeam "SD HIDRIA AET TOLMIN"]

1. e4 e5 2. Nf3 Nf6 3. Nc3 Bb4 4. Nxe5 O-O 5. Nd3 Bxc3 6. dxc3 Nxe4 7. Be3 d6
8. Qf3 Re8 9. O-O-O Nd7 10. g4 Ndf6 11. h3 Nd5 12. Bd2 Bd7 13. h4 c5 14. c4
Nxd2 15. Rxd2 Nb6 16. Qf4 Bc6 17. f3 Qf6 18. Qxf6 gxf6 19. b3 Bxf3 20. Rg1 Nd7
21. Bh3 Bc6 22. Nf4 Re3 23. g5 f5 24. Bxf5 Ne5 25. Rf1 Rf3 26. Rxf3 Nxf3 27.
Rxd6 Nxh4 28. Bxh7+ Kxh7 29. Rh6+ Kg8 30. Rxh4 Re8 31. Rh6 Re5 32. g6 fxg6 33.
Rxg6+ Kf7 34. Rh6 Rf5 35. Nd3 Ke7 36. Rh4 Kd6 37. Kb2 Rg5 38. a3 a5 39. Rh6+
Kc7 40. Re6 Bd7 41. Re5 Rxe5 42. Nxe5 Bf5 43. Nf3 Kd6 44. Kc3 b6 45. Nd2 Bg6
46. Nf1 Be4 47. Ne3 Kc6 48. a4 Kd6 49. Kd2 Ke5 50. c3 Kd6 51. Ng4 Ke6 52. Nf2
Bf5 53. Nd3 Kd6 54. Ke3 Bg6 1/2-1/2

[Event "II. CLANSKA LIGA ZAHOD 2012"]
[Site " Ljubljana"]
[Date "2012.10.20"]
[Round "3.2"]
[White "Vandersmissen, Mathieu"]
[Black "Juranic, Bruno"]
[Result "0-1"]
[WhiteElo "2131"]
[BlackElo "2189"]
[PlyCount "53"]
[EventDate "2012.10.20"]
[WhiteTeam "MATRIKA ZVO - ŠD STARI TRG OB KOLPI"]
[BlackTeam "MATRIKA ZVO - ŠD STARI TRG OB KOLPI"]

1. e4 c5 2. Nf3 a6 3. c4 d6 4. d4 cxd4 5. Nxd4 Nf6 6. Nc3 e6 7. Be2 Be7 8. O-O
O-O 9. Be3 b6 10. Bf3 Ra7 11. Na4 Qc7 12. Nxb6 Bb7 13. Qd3 Nc6 14. Nxc6 Bxc6
15. e5 dxe5 16. Bxc6 Qxc6 17. Nc8 Rd7 18. Nxe7+ Rxe7 19. b4 Rd7 20. Qb3 Rc8 21.
b5 Qb7 22. a4 Ne4 23. Rfd1 Rdc7 24. Rac1 Nc5 25. Qa3 h6 26. Rd6 a5 27. b6 0-1

[Event "II. CLANSKA LIGA ZAHOD 2012"]
[Site " Ljubljana"]
[Date "2012.10.20"]
[Round "3.3"]
[White "Kobe, Uros"]
[Black "Raspor, Gregor"]
[Result "1/2-1/2"]
[WhiteElo "2192"]
[BlackElo "2114"]
[PlyCount "52"]
[EventDate "2012.10.20"]
[WhiteTeam "MATRIKA ZVO - ŠD STARI TRG OB KOLPI"]
[BlackTeam "MATRIKA ZVO - ŠD STARI TRG OB KOLPI"]

1. e4 c6 2. d4 d5 3. Nc3 dxe4 4. Nxe4 Bf5 5. Ng3 Bg6 6. f4 e6 7. Nf3 Nd7 8. Bc4
Ngf6 9. Qe2 Be7 10. h4 h6 11. c3 O-O 12. h5 Bh7 13. Bd2 c5 14. O-O cxd4 15.
Nxd4 Bc5 16. Be3 e5 17. fxe5 Nxe5 18. Rad1 Nxc4 19. Qxc4 Qd5 20. Qxd5 Nxd5 21.
Bf2 Nf6 22. Nf3 Bxf2+ 23. Rxf2 Ne4 24. Nxe4 Bxe4 25. Rd4 Rfe8 26. Rfd2 Re7
1/2-1/2

[Event "II. CLANSKA LIGA ZAHOD 2012"]
[Site " Ljubljana"]
[Date "2012.10.20"]
[Round "3.4"]
[White "Ursic, Mateja"]
[Black "Baric, Dusan"]
[Result "1/2-1/2"]
[WhiteElo "2071"]
[BlackElo "2051"]
[PlyCount "120"]
[EventDate "2012.10.20"]
[WhiteTeam "MATRIKA ZVO - ŠD STARI TRG OB KOLPI"]
[BlackTeam "MATRIKA ZVO - ŠD STARI TRG OB KOLPI"]

1. e4 c5 2. c3 d5 3. exd5 Qxd5 4. d4 e6 5. Nf3 Nf6 6. Be2 cxd4 7. cxd4 Bb4+ 8.
Bd2 Bxd2+ 9. Qxd2 O-O 10. Nc3 Qa5 11. Ne5 Nbd7 12. Nc4 Qd8 13. Bf3 Nb6 14. Ne5
Nbd5 15. O-O b6 16. Ne4 Nxe4 17. Bxe4 Bb7 18. f4 Qe7 19. f5 exf5 20. Rxf5 f6
21. Bxd5+ Bxd5 22. Nd3 Qe6 23. Rh5 Bxa2 24. Nf4 Qf7 25. d5 Bc4 26. Qb4 g6 27.
Rxh7 Kxh7 28. Qxc4 Rfd8 29. Ne6 Rd6 30. Ra3 Rh8 31. Rc3 Rxe6 32. dxe6 Qe7 33.
Rd3 Rd8 34. Rxd8 Qxd8 35. h3 Kg7 36. Qc6 Kf8 37. Kf2 Ke7 38. g4 Qd2+ 39. Kf3
Qd3+ 40. Kf2 Qd6 41. Qb7+ Kxe6 42. Qxa7 Qh2+ 43. Ke1 Qxb2 44. Qh7 Qe5+ 45. Kf2
Qf4+ 46. Ke2 Qe4+ 47. Kf2 Kd6 48. Kg3 Qe3+ 49. Kg2 g5 50. Qf7 Qd4 51. Qf8+ Kc6
52. Qc8+ Kb5 53. Qe8+ Kb4 54. Qe7+ Kc3 55. Qa3+ Kd2 56. Qa2+ Ke3 57. Qf2+ Kd3
58. Qf1+ Kd2 59. Qb1 Kc3 60. Qa1+ Kc4 1/2-1/2

[Event "II. CLANSKA LIGA ZAHOD 2012"]
[Site " Ljubljana"]
[Date "2012.10.20"]
[Round "3.5"]
[White "Bedic, Slavko"]
[Black "Anakiev, Dimitar"]
[Result "1/2-1/2"]
[WhiteElo "2000"]
[BlackElo "2046"]
[PlyCount "105"]
[EventDate "2012.10.20"]
[WhiteTeam "MATRIKA ZVO - ŠD STARI TRG OB KOLPI"]
[BlackTeam "MATRIKA ZVO - ŠD STARI TRG OB KOLPI"]

1. c4 Nf6 2. Nc3 g6 3. g3 Bg7 4. Bg2 O-O 5. d4 d6 6. Nf3 c5 7. O-O Nc6 8. e3 e5
9. d5 Ne7 10. e4 Ne8 11. Be3 h6 12. Qd2 Kh7 13. Ne1 f5 14. f3 Nf6 15. Nd3 g5
16. exf5 Nxf5 17. Bf2 Nd4 18. Rae1 Bf5 19. g4 Bg6 20. h4 gxh4 21. Bxh4 Qd7 22.
Nf2 Rf7 23. Nh3 Ng8 24. Rf2 Raf8 25. Qe3 Ne7 26. Ne4 Kg8 27. Kh2 Bh7 28. Rg1
Ng6 29. Bg3 Nf4 30. Bh1 Kh8 31. Bh4 b5 32. b3 bxc4 33. bxc4 Rb8 34. Nxf4 Rxf4
35. Bg3 Rff8 36. Bg2 Rb4 37. Bf1 Qe7 38. Bd3 Rfb8 39. Kg2 Rb2 40. Rh1 Kg8 41.
Bh4 Rxf2+ 42. Kxf2 Qf8 43. Kg3 Qf4+ 44. Qxf4 exf4+ 45. Kg2 Rb2+ 46. Bf2 Bxe4
47. Bxe4 Rxa2 48. Rb1 a5 49. Rb8+ Bf8 50. Kf1 Ra1+ 51. Kg2 Ra2 52. Kf1 Ra1+ 53.
Kg2 1/2-1/2

[Event "II. CLANSKA LIGA ZAHOD 2012"]
[Site " Ljubljana"]
[Date "2012.10.20"]
[Round "3.6"]
[White "Hozjan, Erik"]
[Black "Turkovic, Igor"]
[Result "1-0"]
[WhiteElo "1758"]
[BlackElo "1901"]
[PlyCount "93"]
[EventDate "2012.10.20"]
[WhiteTeam "MATRIKA ZVO - ŠD STARI TRG OB KOLPI"]
[BlackTeam "MATRIKA ZVO - ŠD STARI TRG OB KOLPI"]

1. e4 c5 2. Nf3 Nc6 3. d4 cxd4 4. Nxd4 Nf6 5. Nc3 e6 6. Ndb5 d6 7. Bf4 e5 8.
Bg5 a6 9. Na3 Be6 10. Nd5 Rc8 11. c3 Bxd5 12. exd5 Ne7 13. Bxf6 gxf6 14. Qb3
Qc7 15. Bd3 Bg7 16. Nc2 f5 17. Qa4+ Kf8 18. Rd1 Qb6 19. Qa3 h5 20. Ne3 e4 21.
Nc4 Qd8 22. Nxd6 Rc7 23. Be2 Kg8 24. Nxf7 Kxf7 25. d6 Rd7 26. dxe7 Rxd1+ 27.
Bxd1 Qxe7 28. Qb3+ Kg6 29. Qb6+ Bf6 30. O-O Rd8 31. Bb3 Rd2 32. Re1 Kg7 33. Qa5
Kg6 34. Qb6 Kg7 35. Bd1 Kg6 36. h3 Qd7 37. Bxh5+ Kg5 38. g4 Rd1 39. Qe3+ Kh4
40. Qg3+ Kg5 41. h4+ Kh6 42. Qf4+ Kg7 43. Rxd1 Qxd1+ 44. Kg2 Qe2 45. Qxf5 Qf3+
46. Qxf3 exf3+ 47. Kg3 1-0

[Event "II. CLANSKA LIGA ZAHOD 2012"]
[Site " Ljubljana"]
[Date "2012.10.20"]
[Round "3.1"]
[White "Markoja, Sebastijan"]
[Black "Bajzelj, Primoz"]
[Result "1-0"]
[WhiteElo "2048"]
[BlackElo "2049"]
[PlyCount "120"]
[EventDate "2012.10.20"]
[WhiteTeam "SK KOMENDA"]
[BlackTeam "SD SIMP RADOVLJICA"]

1. e4 Nf6 2. e5 Nd5 3. d4 d6 4. c4 Nb6 5. exd6 exd6 6. Nc3 Be7 7. Qf3 Nc6 8.
Be3 O-O 9. O-O-O Bg5 10. Nh3 Bxe3+ 11. fxe3 Qh4 12. Nf2 a6 13. Bd3 Nb4 14. Be2
Nc6 15. g4 f5 16. Qg2 fxg4 17. Rhf1 Bd7 18. c5 Nc8 19. Nxg4 N8e7 20. Ne4 Nf5
21. Rf4 Qe7 22. Rdf1 Kh8 23. Bd3 Nh4 24. Qg3 Ng6 25. Rxf8+ Rxf8 26. Rxf8+ Nxf8
27. h3 dxc5 28. Nxc5 Bc8 29. Qf3 Nb4 30. a3 Nxd3+ 31. Nxd3 Bxg4 32. hxg4 c6 33.
Ne5 Kg8 34. Kc2 Ne6 35. Qf5 g6 36. Qd3 Qd6 37. Qb3 Qe7 38. Kb1 Kg7 39. Qc3 Qf6
40. Nd7 Qf1+ 41. Ka2 Kf7 42. Ne5+ Kg7 43. Qb4 Ng5 44. Qxb7+ Nf7 45. g5 Qf5 46.
Qxf7+ Qxf7+ 47. Nxf7 Kxf7 48. Kb1 h5 49. gxh6 g5 50. Kc2 g4 51. Kd2 g3 52. Ke2
Kg6 53. Kf3 g2 54. Kxg2 Kxh6 55. Kf3 Kg5 56. e4 a5 57. b3 Kf6 58. Ke3 Kg5 59.
Kd3 Kf4 60. e5 Kf5 1-0

[Event "II. CLANSKA LIGA ZAHOD 2012"]
[Site " Ljubljana"]
[Date "2012.10.20"]
[Round "3.2"]
[White "Buha, Drago"]
[Black "Kobold, Andrej"]
[Result "1-0"]
[WhiteElo "2011"]
[BlackElo "1890"]
[PlyCount "109"]
[EventDate "2012.10.20"]
[WhiteTeam "SD SIMP RADOVLJICA"]
[BlackTeam "SK KOMENDA"]

1. e4 Nf6 2. e5 Nd5 3. Bc4 c6 4. Nf3 e6 5. O-O d6 6. d4 Nb6 7. Bb3 d5 8. Be3
Nc4 9. Bxc4 dxc4 10. c3 Nd7 11. Ng5 Be7 12. Ne4 Qc7 13. Qg4 g6 14. Bg5 h5 15.
Qf4 Bf8 16. Nbd2 b5 17. a3 c5 18. Nd6+ Bxd6 19. exd6 Qc6 20. Bf6 Nxf6 21. Qxf6
O-O 22. Qf4 Bb7 23. f3 cxd4 24. cxd4 Qb6 25. a4 a6 26. a5 Qa7 27. Kh1 Bd5 28.
Rad1 f5 29. Rfe1 Qd7 30. Nf1 Rad8 31. Ng3 Kh7 32. Qg5 Qf7 33. Qf4 Rg8 34. Qe5
g5 35. Kg1 h4 36. Nf1 g4 37. f4 Rge8 38. Ne3 Kg6 39. Kf1 Qd7 40. Nxd5 exd5 41.
Qxd5 Qf7 42. Qc6 Rxe1+ 43. Rxe1 Qf6 44. Qxa6 Qxd4 45. d7+ Kh5 46. Qe6 Qd3+ 47.
Kg1 Qd4+ 48. Kh1 Qxd7 49. Qf6 Rg8 50. Kg1 g3 51. h3 Rg6 52. Qh8+ Rh6 53. Qe5
Qa7+ 54. Kh1 Qd7 55. Qe2+ 1-0

[Event "II. CLANSKA LIGA ZAHOD 2012"]
[Site " Ljubljana"]
[Date "2012.10.20"]
[Round "3.3"]
[White "Leonardi, Caterina"]
[Black "Kocevar, Tugomir"]
[Result "1-0"]
[WhiteElo "1868"]
[BlackElo "1986"]
[PlyCount "89"]
[EventDate "2012.10.20"]
[WhiteTeam "SK KOMENDA"]
[BlackTeam "SD SIMP RADOVLJICA"]

1. d4 d5 2. c4 e5 3. dxe5 d4 4. Nf3 Nc6 5. e3 Bc5 6. exd4 Nxd4 7. Nc3 Bg4 8.
Be2 Bxf3 9. Bxf3 c6 10. O-O Ne7 11. Be4 Ng6 12. Qh5 Qe7 13. Bg5 Qe6 14. Kh1 Be7
15. Bxe7 Qxe7 16. Rad1 O-O-O 17. Qg4+ Ne6 18. Bxg6 hxg6 19. Ne4 Kc7 20. Rxd8
Rxd8 21. Nd6 Rh8 22. Qg3 g5 23. Rd1 Nf4 24. Qe3 Kb8 25. Nf5 Qe6 26. Nd6 Qg4 27.
Qf3 Qe6 28. Qb3 b6 29. Qf3 Kc7 30. Qa3 Kb8 31. Qa6 Qe7 32. c5 Qc7 33. b4 f6 34.
Re1 Nd5 35. Qc4 Rh4 36. exf6 Nxf6 37. Qg8+ Nxg8 38. Re8+ Qd8 39. Rxd8+ Kc7 40.
Rxg8 Rxb4 41. Rxg7+ Kb8 42. Rb7+ Ka8 43. g3 bxc5 44. Rxb4 cxb4 45. h4 1-0

[Event "II. CLANSKA LIGA ZAHOD 2012"]
[Site " Ljubljana"]
[Date "2012.10.20"]
[Round "3.4"]
[White "Krivec, Metod"]
[Black "Lucovnik, Tilen"]
[Result "0-1"]
[WhiteElo "1825"]
[BlackElo "1883"]
[PlyCount "60"]
[EventDate "2012.10.20"]
[WhiteTeam "SD SIMP RADOVLJICA"]
[BlackTeam "SK KOMENDA"]

1. d4 e6 2. c4 b6 3. Nc3 Bb4 4. Nf3 f5 5. g3 Bb7 6. Bg2 Nf6 7. O-O Bxc3 8. bxc3
O-O 9. Ba3 d6 10. e3 Nbd7 11. Nd2 Bxg2 12. Kxg2 Qe7 13. f3 e5 14. Re1 e4 15. f4
Kh8 16. d5 Nc5 17. Bxc5 dxc5 18. a4 a5 19. Qe2 Rg8 20. Kh1 g5 21. fxg5 Rxg5 22.
Rg1 Rag8 23. Nf1 Ng4 24. Ra2 Ne5 25. Nd2 Qf6 26. Rc2 Qh6 27. Rg2 Rxg3 28. Rxg3
Rxg3 29. Rc1 Rxe3 30. Qf2 Ng4 0-1

[Event "II. CLANSKA LIGA ZAHOD 2012"]
[Site " Ljubljana"]
[Date "2012.10.20"]
[Round "3.5"]
[White "Unuk, Laura"]
[Black "Torkar, Boris"]
[Result "1/2-1/2"]
[WhiteElo "1948"]
[BlackElo "1849"]
[PlyCount "70"]
[EventDate "2012.10.20"]
[WhiteTeam "SK KOMENDA"]
[BlackTeam "SD SIMP RADOVLJICA"]

1. d4 d5 2. c4 e6 3. Nc3 c6 4. Nf3 Bd6 5. Qc2 Nf6 6. Bg5 O-O 7. e3 Nbd7 8. Bd3
h6 9. Bh4 b6 10. O-O Bb7 11. Rfe1 Rc8 12. Qe2 Re8 13. e4 dxe4 14. Nxe4 Be7 15.
Nxf6+ Nxf6 16. Rad1 Qc7 17. Ne5 Nd7 18. Bg3 Nxe5 19. Bxe5 Bd6 20. Qe4 g6 21.
Qf4 Bxe5 22. dxe5 Kg7 23. Re3 Qe7 24. Rg3 c5 25. Rg4 Rcd8 26. Qg3 g5 27. h4 Rd4
28. f4 Red8 29. hxg5 h5 30. Qh3 Rxd3 31. Rxd3 hxg4 32. Qh6+ Kg8 33. g6 fxg6 34.
Qxg6+ Kf8 35. Qh6+ Kg8 1/2-1/2

[Event "II. CLANSKA LIGA ZAHOD 2012"]
[Site " Ljubljana"]
[Date "2012.10.20"]
[Round "3.6"]
[White "Pretnar, Bostjan"]
[Black "Vidic, Teja"]
[Result "0-1"]
[WhiteElo "1677"]
[BlackElo "1850"]
[PlyCount "68"]
[EventDate "2012.10.20"]
[WhiteTeam "SD SIMP RADOVLJICA"]
[BlackTeam "SK KOMENDA"]

1. d4 Nf6 2. Bg5 e6 3. Nd2 d5 4. e3 h6 5. Bh4 Nbd7 6. c4 Be7 7. Qc2 c6 8. Ngf3
O-O 9. Bd3 dxc4 10. Nxc4 Nd5 11. Bxe7 Qxe7 12. a3 c5 13. O-O a6 14. dxc5 Nxc5
15. Be2 Bd7 16. b4 Ba4 17. Qb2 Nd7 18. Rac1 Rac8 19. Nfe5 Rfd8 20. Nxd7 Bxd7
21. Bf3 Bc6 22. Rfd1 Qg5 23. Na5 Ba4 24. Rd4 Nxe3 25. Rxd8+ Rxd8 26. fxe3 Qxe3+
27. Kh1 Bd1 28. h3 Bxf3 29. gxf3 Rd2 30. Qxd2 Qxd2 31. Rc8+ Kh7 32. Rb8 Qe1+
33. Kg2 Qe2+ 34. Kg1 b6 0-1

[Event "II. CLANSKA LIGA ZAHOD 2012"]
[Site " Ljubljana"]
[Date "2012.10.20"]
[Round "3.1"]
[White "Solmajer, Luka"]
[Black "Zeleznik, Alojz"]
[Result "1-0"]
[WhiteElo "2048"]
[BlackElo "2202"]
[PlyCount "63"]
[EventDate "2012.10.20"]
[WhiteTeam "SS KC DR. LOJZ KRAIGHER LJUBLJANA"]
[BlackTeam "SD JESENICE"]

1. d4 Nf6 2. c4 c5 3. d5 d6 4. Nc3 g6 5. e4 Bg7 6. f3 O-O 7. Bg5 h6 8. Be3 Na6
9. Qd2 Kh7 10. Bd3 Nc7 11. h4 e5 12. dxe6 Nxe6 13. h5 Nxh5 14. g4 Nf6 15. Bxh6
Rh8 16. Be3+ Kg8 17. Rxh8+ Bxh8 18. O-O-O Nd7 19. Nb5 Ne5 20. Be2 Nc6 21. f4
Ned4 22. Bxd4 Nxd4 23. Nxd4 Bxd4 24. Nf3 Bg7 25. f5 Qe7 26. Qxd6 Qxe4 27. Qd8+
Bf8 28. fxg6 Qxe2 29. gxf7+ Kxf7 30. Qd5+ Kf6 31. Qg5+ Kf7 32. Ne5+ 1-0

[Event "II. CLANSKA LIGA ZAHOD 2012"]
[Site " Ljubljana"]
[Date "2012.10.20"]
[Round "3.2"]
[White "Jeraj, Zlatko"]
[Black "Persl, Bojan"]
[Result "0-1"]
[WhiteElo "2070"]
[BlackElo "2088"]
[PlyCount "82"]
[EventDate "2012.10.20"]
[WhiteTeam "SD JESENICE"]
[BlackTeam "SS KC DR. LOJZ KRAIGHER LJUBLJANA"]

1. d4 Nf6 2. c4 e6 3. Nf3 b6 4. g3 Bb7 5. Bg2 Be7 6. O-O O-O 7. Nc3 d6 8. Qc2
Nbd7 9. e4 c5 10. d5 e5 11. Nh4 g6 12. Nf3 Nh5 13. Bh6 Re8 14. Qe2 Nf8 15. Rad1
Bf6 16. Bc1 Bc8 17. Ne1 Bd7 18. Bf3 Ng7 19. Bg4 a6 20. Bxd7 Nxd7 21. Ng2 Nh5
22. Ne3 Bg5 23. b3 Ndf6 24. Qc2 Qd7 25. Kg2 Ng4 26. Nxg4 Bxc1 27. Nxe5 Rxe5 28.
Qxc1 Nf6 29. f3 Rh5 30. Rf2 Qh3+ 31. Kg1 Nd7 32. Ne2 Ne5 33. Qe3 g5 34. g4 Nxg4
35. Qc1 Nxf2 36. Kxf2 Qxh2+ 37. Ke3 Qe5 38. Rg1 Re8 39. Kd3 h6 40. Qc3 Rh3 41.
Ke3 Qxe4+ 0-1

[Event "II. CLANSKA LIGA ZAHOD 2012"]
[Site " Ljubljana"]
[Date "2012.10.20"]
[Round "3.3"]
[White "Sadikov, Aleksander"]
[Black "Hasanagic, Alen"]
[Result "0-1"]
[WhiteElo "1988"]
[BlackElo "2124"]
[PlyCount "90"]
[EventDate "2012.10.20"]
[WhiteTeam "SS KC DR. LOJZ KRAIGHER LJUBLJANA"]
[BlackTeam "SD JESENICE"]

1. e4 c5 2. c3 d6 3. d4 Nf6 4. Bd3 Nc6 5. Nf3 g6 6. d5 Nb8 7. O-O Bg7 8. Bf4
O-O 9. Nbd2 Na6 10. Re1 Nc7 11. Qb3 b5 12. Bf1 Nh5 13. Bg5 h6 14. Be3 Bd7 15.
Rad1 e5 16. dxe6 Bxe6 17. Qc2 Qe7 18. b4 Rfc8 19. e5 cxb4 20. exd6 Qxd6 21. Ne4
Qa6 22. Nc5 Qxa2 23. Qxa2 Bxa2 24. cxb4 a6 25. g4 Nf6 26. g5 Nfd5 27. Bd2 Bc4
28. Bh3 Re8 29. gxh6 Bf8 30. Bd7 Rxe1+ 31. Rxe1 Rd8 32. Bc6 a5 33. Nb7 Rb8 34.
Nxa5 Bxb4 35. Bxb4 Nxb4 36. Nxc4 bxc4 37. Be4 Ne6 38. Rb1 Nc5 39. Bd5 c3 40.
Nd4 Nca6 41. Bc4 Rd8 42. Bxa6 Rxd4 43. Be2 c2 44. Ra1 Nd3 45. Ra8+ Kh7 0-1

[Event "II. CLANSKA LIGA ZAHOD 2012"]
[Site " Ljubljana"]
[Date "2012.10.20"]
[Round "3.4"]
[White "Hasanagic, Anel"]
[Black "Pajnhart, Tadej"]
[Result "1-0"]
[WhiteElo "2102"]
[BlackElo "1860"]
[PlyCount "79"]
[EventDate "2012.10.20"]
[WhiteTeam "SD JESENICE"]
[BlackTeam "SS KC DR. LOJZ KRAIGHER LJUBLJANA"]

1. e4 e5 2. Nf3 d6 3. Bc4 Be7 4. O-O Nf6 5. Re1 Nc6 6. c3 O-O 7. Bb3 Bg4 8. h3
Bh5 9. d3 Na5 10. Bc2 c5 11. Nbd2 Bxf3 12. Qxf3 Qc7 13. Nf1 Rfb8 14. g4 b5 15.
Ne3 Bf8 16. g5 Ne8 17. Qg3 Nc6 18. Nd5 Qd8 19. Kh1 b4 20. Ba4 Ne7 21. Bxe8 Nxd5
22. Bc6 Ne7 23. Bxa8 Rxa8 24. cxb4 cxb4 25. Bd2 a5 26. Rac1 Rc8 27. Rxc8 Qxc8
28. Rc1 Qd7 29. b3 Nc6 30. Be3 d5 31. Qg4 Qb7 32. exd5 Ne7 33. Qe4 Nxd5 34. Rc4
f5 35. gxf6 gxf6 36. d4 Qd7 37. dxe5 fxe5 38. Qxe5 Bg7 39. Rg4 Nxe3 40. Qxg7+
1-0

[Event "II. CLANSKA LIGA ZAHOD 2012"]
[Site " Ljubljana"]
[Date "2012.10.20"]
[Round "3.5"]
[White "Pecnik, Primoz"]
[Black "Hrenic, Misa"]
[Result "1/2-1/2"]
[WhiteElo "1818"]
[BlackElo "2057"]
[PlyCount "75"]
[EventDate "2012.10.20"]
[WhiteTeam "SS KC DR. LOJZ KRAIGHER LJUBLJANA"]
[BlackTeam "SD JESENICE"]

1. e4 e5 2. Nc3 Nf6 3. f4 d5 4. fxe5 Nxe4 5. d3 Nxc3 6. bxc3 c5 7. Nf3 Nc6 8.
d4 Bg4 9. Be2 cxd4 10. cxd4 Bb4+ 11. Bd2 Bxf3 12. Bxf3 Qh4+ 13. Kf1 Qxd4 14.
Bxb4 Qxb4 15. Rb1 Qc4+ 16. Kg1 Qc5+ 17. Kf1 O-O 18. Rxb7 Nxe5 19. Qxd5 Qe3 20.
Qe4 Qc1+ 21. Qe1 Qxe1+ 22. Kxe1 Nxf3+ 23. gxf3 Rfd8 24. Ke2 Rac8 25. Rc1 a6 26.
c4 Rc6 27. Rb2 Kf8 28. Rb3 Rd4 29. Rbc3 Rh4 30. Ke3 Ke7 31. c5 Ke6 32. Rd3 Rh5
33. Rdc3 g6 34. Rc4 Rf5 35. Re4+ Kd5 36. Rd4+ Ke6 37. Re4+ Kd5 38. Rd4+ 1/2-1/2

[Event "II. CLANSKA LIGA ZAHOD 2012"]
[Site " Ljubljana"]
[Date "2012.10.20"]
[Round "3.6"]
[White "Pazlar, Marko"]
[Black "Luci, Andrej"]
[Result "1-0"]
[WhiteElo "2043"]
[BlackElo "1500"]
[PlyCount "85"]
[EventDate "2012.10.20"]
[WhiteTeam "SD JESENICE"]
[BlackTeam "SS KC DR. LOJZ KRAIGHER LJUBLJANA"]

1. Nf3 c5 2. c4 Nf6 3. g3 g6 4. Bg2 Bg7 5. O-O O-O 6. d4 cxd4 7. Nxd4 Nc6 8.
Nc3 a6 9. h3 Nxd4 10. Qxd4 d6 11. Rd1 Qc7 12. Bg5 h6 13. Bxf6 Bxf6 14. Nd5 Qc5
15. Nxf6+ exf6 16. Qxf6 Be6 17. b3 Rab8 18. Qf4 Qe5 19. e3 Qxf4 20. exf4 Rfd8
21. Rd4 Kf8 22. Rad1 Ke7 23. g4 f5 24. Re1 Kf7 25. g5 hxg5 26. fxg5 b5 27. cxb5
axb5 28. Rb4 Rb6 29. Rh4 Re8 30. Rh7+ Kg8 31. Ra7 Bf7 32. Rc1 Be6 33. Rcc7 d5
34. Rg7+ Kf8 35. Rxg6 d4 36. Bf1 Rc6 37. Bxb5 Rc1+ 38. Kh2 Bf7 39. Bxe8 Bxe8
40. Rd6 Rd1 41. g6 d3 42. g7+ Kg8 43. Rd8 1-0